El viajero subterráneo: un etnólogo en el metro

-д хадгалсан:
Номзүйн дэлгэрэнгүй
Үндсэн зохиолч: Augé, Marc (Зохиогч)
Формат: Ном
Хэл сонгох:испани
Хэвлэсэн: Barcelona Gedisa 1998
Хэвлэл:2a. ed
Цуврал:Colección El Mamífero Parlante. Serie Menor
Нөхцлүүд:
Шошгууд: Шошго нэмэх
Шошго байхгүй, Энэхүү баримтыг шошголох эхний хүн болох!

MARC

LEADER 00000cam a2200000 a 4500
001 UCL2882
003 CL-VaPUC
008 031107e19980000SP |||||||||||||||||spa|d
020 |a 8474326737 
082 0 4 |a 305.8  |b AUG  |2 21 
100 0 |a Augé, Marc  |e author  |9 480049 
245 1 3 |a El viajero subterráneo: un etnólogo en el metro 
250 |a 2a. ed 
300 |a 117 p 
942 |c BK 
945 |d 20031107 00:00:00  |a cmena 
260 |a Barcelona  |b Gedisa  |c 1998 
650 0 |a Antropología   |9 233030 
650 0 |a Antropología cultural y social   |9 265143 
650 0 |a Sociología   |9 255410 
650 0 |a Psicología social   |9 222894 
583 |a last modification  |c 20140107 02:14:47  |k Rodrigo Vera 
490 0 |a Colección El Mamífero Parlante. Serie Menor 
999 |c 306056  |d 306054 
952 |0 0  |1 0  |4 0  |6 305_800000000000000_AUG_1998  |7 0  |8 A  |9 370765  |a BIBEDU  |b BIBEDU  |d 2019-11-21  |i 395952K  |o 305.8 AUG 1998  |p 395952K  |r 2019-11-21  |w 2019-11-21  |y BK  |k PSI 
952 |0 0  |1 0  |3 erb  |4 0  |6 305_800000000000000_AUG_1998  |7 0  |8 A  |9 370766  |a BIBING  |b BIBING  |i 5045657  |o 305.8 AUG 1998  |p 5045657  |r 2025-01-20  |w 2019-11-21  |y BK  |z Catalogado en:20140109  |k GEO 
952 |0 0  |1 0  |3 erb  |4 0  |6 305_800000000000000_AUG_1998  |7 0  |8 A  |9 370767  |a BIBING  |b BIBING  |i 5143799  |o 305.8 AUG 1998  |p 5143799  |r 2025-01-20  |w 2019-11-21  |y BK  |z Catalogado en:20150402  |k GEO